Leadership mastery in turbulent times
Tallennettuna:
| Päätekijä: | |
|---|---|
| Aineistotyyppi: | Kirja |
| Kieli: | Undetermined |
| Julkaistu: |
Boston, MA.
Thomson Course Technology
2006
|
| Aiheet: | |
| Tagit: |
Lisää tagi
Ei tageja, Lisää ensimmäinen tagi!
|
| Thư viện lưu trữ: | Trung tâm Học liệu Trường Đại học Cần Thơ |
|---|
| LEADER | 00578nam a2200193Ia 4500 | ||
|---|---|---|---|
| 001 | CTU_129116 | ||
| 008 | 210402s9999 xx 000 0 und d | ||
| 020 | |c 324000 | ||
| 082 | |a 658.4092 | ||
| 082 | |b K51 | ||
| 100 | |a Kindler, Herb | ||
| 245 | 0 | |a Leadership mastery in turbulent times | |
| 245 | 0 | |c Herb Kindler; with contributions by Marlene Caroselli. | |
| 260 | |a Boston, MA. | ||
| 260 | |b Thomson Course Technology | ||
| 260 | |c 2006 | ||
| 650 | |a Leadership.,Tập đoàn lãnh đạo | ||
| 904 | |i Minh | ||
| 980 | |a Trung tâm Học liệu Trường Đại học Cần Thơ | ||